Polskie miasta z członem "wielkopolski" - Statystyki

Ogólne statystyki
  • Ten quiz został rozwiązany 90 razy
  • Średni wynik to 5 z 9
Statystyki odpowiedzi
Hint Odpowiedź % Poprawnych
8 Ostrów Wielkopolski
81%
2 Gorzów Wielkopolski
80%
3 Grodzisk Wielkopolski
62%
9 Środa Wielkopolska
60%
6 Krzyż Wielkopolski
49%
1 Borek Wielkopolski
35%
5 Koźmin Wielkopolski
33%
7 Książ Wielkopolski
27%
4 Janowiec Wielkopolski
25%
Nie znaleziono quizów pasujących do podanych kryteriów
Rozkład punktacji
Procent ludzi z każdym wynikiem
Percentyl według liczby udzielonych odpowiedzi
Twoja historia wyników
Nie rozwiązałeś tego quizu